| 000 | 00348nam a2200133Ia 4500 | ||
|---|---|---|---|
| 008 | 220216s9999 xx 000 0 und d | ||
| 100 | _aKumaran M.G. | ||
| 245 | 0 | _aTreatment and disposal of rubber effluents | |
| 260 |
_bRubber Board Bulletin _c1988 |
||
| 300 | _a21-24 | ||
| 650 | _aEffluent treatment | ||
| 650 | _aRubber effluent | ||
| 942 | _cBS | ||
| 999 |
_c50842 _d50842 |
||